000 00242nam a2200097Ia 4500
001 641848
005 20250826153515.0
008 250824s9999 xx 000 0 und d
245 0 _aELİMDE DEĞİL
_cHolly L. Niner
260 _bTÜBİTAK YAYINLARI
999 _c641848
_d641848